Complétez les paroles - Chansons françaises #2 - Statistiques

Statistiques générales
  • Ce quiz a été pris 92 fois
  • Le résultat moyen est 4 sur 15
Statistiques - réponses
Chanson Paroles Réponse % Correct
Comme d'habitude - Claude François Comme d'habitude Toute la journée Je vais jouer _ _____ ________ À faire semblant
70%
Le chant des sirènes - Fréro Delavega Au gré des saisons, des photomatons Je m'abandonne à ___ ______ _'_________ Ces lueurs d'autrefois
54%
Mistral Gagnant - Renaud Te raconter, enfin, qu'il faut aimer la vie L'aimer même si le temps est assassin et emporte avec lui ___ _____ ___ _______ Les rires des enfants
51%
La foule - Edith Piaf Emportés par la foule qui nous traîne Nous entraîne, écrasés l'un contre l'autre Nous ne formons __'__ ____ _____ Qu'un seul corps
46%
Santiano - Hugues Aufray On prétend que là-bas, l'argent coule à flots Hissez haut, Santiano On trouve l'or __ ____ ___ _________ Au fond des ruisseaux
43%
Les copains d'abord - Georges Brassens C'était pas des amis de luxe Des petits Castor et Pollux Des gens de ______ __ _________ Sodome et Gomorrhe
38%
Melodrama - Theodora ft. Disiz Il pleut de l'eau javel, ça fait de l'aquarelle Sur les couleurs de __ ___ ____ ____ La vie sans elle
28%
Les yeux revolver - Marc Lavoine Son corps s'achève sous des draps inconnus Et moi, je rêve __ ______ ________ De gestes défendus
26%
Mourir sur scène - Dalida Ma vie a brûlé sous trop de lumières Je ne peux pas partir dans l'ombre Moi je veux mourir fusillée de lasers ______ ___ _____ ______ Devant une salle comble
21%
Hier Encore - Charles Aznavour Car mes amours sont mortes avant que d'exister Mes amis sont partis __ __ ___________ ___ Et ne reviendront pas
20%
Le coup de soleil - Richard Cocciante J′voulais m'tirer, mais j'me tire plus J′vis à l′envers, _'____ ____ __ ___ J'aime plus ma rue
19%
Le poinçonneur des lilas - Serge Gainsbourg J'suis l'poinçonneur des Lilas Pour Invalides, changez à Opéra Je vis __ _____ _'__ _______ Au coeur d'la planète
8%
Mr Mme - Loïc Nottet Elle n'attend pas qu'tu ouvres, non, elle entre sans frapper Tes coups d'blues sont, pour elle, __ ______ ______ _ _______ Un quatre heures à bouffer
5%
Jardin d'hiver - Henri Salvador Je veux déjeuner par terre Comme au long des golfes clairs T'embrasser ___ ____ _______ Les yeux ouverts
3%
Oh ! Quelle nuit - Sacha Distel Tout ça est arrivé parce qu'on t'a raconté Qu'on m'avait vu ____ ___ _____ _____ Avec une jolie femme
1%
Aucun quiz correspondant
Distribution des résultats
% des personnes avec chaque résultat
Percentile par nombre de réponses
Votre historique - résultats
Vous n’avez pas pris ce quiz